banner-ar

المشرق العربى فى الزمن الامريكى من حرب الخليخ الى حرب العراق / (Record no. 66272)

MARC details
000 -الفاتح
حقل البيانات ثابتة الطول 00952nam a22002417a 4500
005 - وقت وتاريخ اخر تعامل مع التسجيلة
رقم الضبط 20240530110909.0
008 - عناصر البيانات ثابتة الطول - معلومات عامة
حقل البيانات ثابتة الطول 220308s2005 ua g b 000 0 ara d
017 ## - رقم الايداع القانونى
رقم الايداع القانونى 2004/20529
المصدر ( الهيئة المختصة) مصر. دار الكتب
020 ## - الرقم الدولى المعيارى للكتب
الرقم الدولى المعيارى للكتاب 977351207
040 ## - مصدر الفهرسة
وكالة الفهرسة الأصلية EG-CaGPL
وكالة النسخ EG-CaGPL
082 04 - رقم تصنيف ديوى العشرى
رقم الطبعة 21
رقم التصنيف 320.9/
رقم المادة ل م
100 1# - المدخل الرئيسى - إسم شخصى
الإسم الشخصى لورنس، هنرى
245 12 - بيان العنوان
العنوان المشرق العربى فى الزمن الامريكى من حرب الخليخ الى حرب العراق /
بيان المسئوليه,etc هنرى لورنس ؛ ترجمة بشير السباعى
250 ## - بيان الطبعة
بيان الطبعة ط.1
260 ## - PUBLICATION, DISTRIBUTION, ETC. (IMPRINT)
تاريخ النشر أو التوزيع 2005
300 ## - الوصف المادى
التعداد 448 ص. ؛
أبعاد الوعاء 24 سم.
650 07 - المدخل الاضافى بالموضوع-مصطلح موضوعى
مصدر الرأس أو المصطلح qrmak
مصطلح موضوعي الحروب الدولية
651 07 - المدخل الاضافى بالموضوع - اسم جغرافى
مصدر الرأس أو المصطلح qrmak
الاسم الجغرافي العراق
التقسيم الفرعي العام تاريخ
التقسيم الفرعي الزمني العصر الحديث
653 0# - مصطلح تكشيفى غير مقيد
مصطلح غير مقيد الحرب الامريكية على العراق
700 0# - المدخل الاضافى - اسم شخصى
الإسم الشخصى بشير السباعى
الدور مترجم
942 ## - عناصر المدخل الإضافي( كوها)
مصدر التصنيف او مخطط الترفيف Dewey Decimal Classification
Koha [default] item type كتاب
260 ## - PUBLICATION, DISTRIBUTION, ETC. (IMPRINT)
-- القاهرة :
-- دار ميريت،
Holdings
حالة التراجع حالة الفقد حالة تلف ليس للاعارة المكان المؤقت الموقع الحالى موقع الترفيف تاريخ الاكتساب اجمالي اﻻعارات رقم الطلب الباركود تاريخ اخر مشاهدة تاريخ تفعيل السعر نوع وعاء كوها
        مكتبة القاهرة الكبرى مكتبة القاهرة الكبرى ق الرئيسية_العلوم الاجتماعية_ك عربى 03/08/2022   320.9/ ل م 167565 03/08/2022 03/08/2022 كتاب

Powered By

EGPV